LEADER 01745nam a2200289 i 4500 001 000000224944 003 CaOOAMICUS 005 20131114000000.0 008 131114s2002 xx u000 u fre u 013 $a203842 020 $a2-84586-316-0 040 $aSeMil$bita 245 12$aL'espace missionnaire :$blieu d'innovations et de rencontres interculturelles : actes du colloque de l'Association francophone oecumenique de missiologie, du centre de recherches et d'echanges sur la diffusion et l'interculturation du christianisme et du Centre Vincent Lebbe : Quebec, Canada, 23-27 aout 2001 /$csous la direction de Gilles Routhier et Frédéric Laugrand. 260 $aParis :$bKarthala,$c2002. 300 $a437 p. ;$c24 cm. 490 0 $aMemoire d'Eglises 650 4$aMissioni.$0(OLS)http://semarc/subject/3486 650 4$aChiesa - Missioni.$0(OLS)http://semarc/subject/38990 700 1 $aLaugrand, Frédéric.$0(OLS)http://semarc/name/78240 700 1 $aRouthier, Gilles,$d<1953- >.$0(OLS)http://semarc/name/12682 830 0$aMemoire d'Eglises.$0(OLS)http://semarc/title/39574 850 $aSeMil 852 $aSeMil$W1$xVenegono$y1$m3A IV 290$j175290$B175290$CSeMilBibl$Z2$F186223 $81 961 $aOmaggio: Bressan don Luca 996 $6020$a2-84586-316-0$9(OLS)http://semarc/number/225667 996 $6245$aL'espace missionnaire :$blieu d'innovations et de rencontres interculturelles : actes du colloque de l'Association francophone oecumenique de missiologie, du centre de recherches et d'echanges sur la diffusion et l'interculturation du christianisme et du Centre Vincent Lebbe : Quebec, Canada, 23-27 aout 2001$9(OLS)http://semarc/title/409689 996 $6260$aParis :$bKarthala$9(OLS)http://semarc/publisher/32031 LEADER 01197nam a2200277 i 4500 001 000000106601 003 CaOOAMICUS 005 20030916000000.0 008 030916s1999 it u000 u ita u 013 $a78795 020 $a88-15-07245-4 040 $aSeMil$bita 100 1 $aBerger, Peter L.,$d<1929-2017>.$0(OLS)http://semarc/name/90559 240 10$aRedeeming laughter : the comic dimension of human experience.$0(OLS)http://semarc/title/407100 245 10$aHomo ridens :$bla dimensione comica dell'esperienza umana /$cPeter Berger L. 260 $aBologna :$bIl Mulino,$c1999. 300 $a309 p. ;$c22 cm. 490 0 $aIncontri ;$v18 650 4$aComicità - Aspetti socio-culturali.$0(OLS)http://semarc/subject/18559 830 0$aIncontri ;$v18.$0(OLS)http://semarc/title/6016 850 $aSeMil 852 $aSeMil$W1$xVenegono$y1$m3N III 124 =$j62718$B62718$CSeMilBibl$Z2$F101545 $81 961 $aOmaggio: Oneta don Marco 996 $6020$a88-15-07245-4$9(OLS)http://semarc/number/87331 996 $6245$aHomo ridens :$bla dimensione comica dell'esperienza umana$9(OLS)http://semarc/title/154622 996 $6260$aBologna :$bIl Mulino$9(OLS)http://semarc/publisher/29842